| 000 | 00556nam a2200133Ia 4500 | ||
|---|---|---|---|
| 008 | 220616s9999||||xx |||||||||||||| ||und|| | ||
| 020 | _a9782890000000 | ||
| 245 | 0 | _aIntegrative Brain Function Down Under | |
| 546 | _aEnglish[eng] | ||
| 650 | _abrain structure and function||neural networks||ion channel activation||prefrontal cortex||brain systems||functional encoding brain networks | ||
| 700 | _aStuart, Greg||Sah, Pankaj||Egan, Gary F. | ||
| 856 | _uhttps://www.frontiersin.org/research-topics/7264/integrative-brain-function-down-under | ||
| 942 | _cEB | ||
| 999 |
_c20966 _d20966 |
||